Quiz - Comédie Musicales Françaises Par Chanson - Statistiques

Statistiques générales
  • Ce quiz a été pris 402 fois
  • Le résultat moyen est 7 sur 10
Statistiques - réponses
Chanson Comédie Musicale % Correct
''L'Assasymphonie'' Mozart L'Opéra Rock
89%
''Le Temps Des Cathédrales'' Notre Dame de Paris
87%
''Les Rois du Monde'' Roméo et Juliette, de la haine à l'amour
87%
''Quand On Arrive En Ville'' Starmania
83%
''Je fais de toi mon essentiel'' Le Roi Soleil
82%
''Chanson d'Emilie Jolie et le grand oiseau'' Emilie Jolie
74%
''L'envie d'aimer'' Les Dix Commandements
68%
''Le jour qui se rêve'' Robin des Bois: Ne renoncez jamais
56%
''Tomber dans ses yeux'' 1789, Les amants de la Bastille
46%
''Femme d'aujourd'hui'' Cléopatre, la dernière reine d'Egypte
28%
Aucun quiz correspondant
Distribution des résultats
% des personnes avec chaque résultat
Percentile par nombre de réponses
Votre historique - résultats
Vous n’avez pas pris ce quiz